00872nam a2200277 a 450000100060000000300080000600500170001400800410003102000150007203500190008704000270010604100080013308200240014110000480016524500870021325000120030026000460031230000330035849000410039150000200043265000110045265000210046365000200048470000490050483000410055371947BD-RjUL20211209082206.0170511s1968 enka 001 0 eng  a0442301898 a(BD-RjUL)72163 aDLCcDLCdBD-RjULbeng aeng00a539.7223bLIA 19681 aLittlefield, T. A.q(Thomas Albert),d1912-10aAtomic and nuclear physics :ban introduction /cT. A. Littlefield and N. Thorley. a2nd ed. aNew York :bVan Nostrand Reinhold,cc1968 axv, 476 p. :bill. ;c25 cm.0 aThe Modern university physics series aIncludes index. 0aAtoms. 0aNuclear physics. 0aQuantum theory.1 aThorley, N.q(Norman),d1913-ejoint author. aThe Modern university physics series